Военное дело древних кочевников Монголии (II тысячелетие - III век до н.э.) (Запись № 2740839)

Подробности
000 -МАРКЕР
контрольное поле 02926nam0a2200457 i 4500
001 - ИДЕНТИФИКАТОР ЗАПИСИ
контрольное поле RU\NLR\bibl\1887442
005 - ИДЕНТИФИКАТОР ВЕРСИИ
контрольное поле 20260406010108.0
010 ## - МЕЖДУНАРОДНЫЙ СТАНДАРТНЫЙ НОМЕР КНИГИ (ISBN)
Номер (ISBN) 9785846511217
Тираж 500
021 ## - НОМЕР ГОСУДАРСТВЕННОЙ РЕГИСТРАЦИИ
Код страны российская федерация
Номер 2012-17326
Номер Листа государственной регистраци 1307
035 ## - ДРУГИЕ СИСТЕМНЫЕ НОМЕРА
Идентификатор записи (nilc)LIBNET\0000244284
035 ## - ДРУГИЕ СИСТЕМНЫЕ НОМЕРА
Идентификатор записи (NLR Aleph) 001877166
100 ## - ДАННЫЕ ОБЩЕЙ ОБРАБОТКИ
Данные общей обработки 20120529d2011 u y0rusy50 ca
101 0# - ЯЗЫК РЕСУРСА
Язык текста, звукозаписи и т.д. русский
Язык резюме английский
102 ## - СТРАНА ПУБЛИКАЦИИ ИЛИ ПРОИЗВОДСТВА
Страна публикации российская федерация
105 ## - ПОЛЕ КОДИРОВАННЫХ ДАННЫХ: ТЕКСТОВЫЕ МАТЕРИАЛЫ, МОНОГРАФИЧЕСКИЕ
Кодированные данные о монографическом текстовом документе a |||||||||
200 1# - ЗАГЛАВИЕ И СВЕДЕНИЯ ОБ ОТВЕТСТВЕННОСТИ
Основное заглавие Военное дело древних кочевников Монголии (II тысячелетие - III век до н.э.)
Параллельное заглавие Warfare of the ancient nomads of Mongolia (2nd millennium - 3rd century B.C.)
Первые сведения об ответственности Ю.С. Худяков, Н. Эрдэнэ-Очир
Последующие сведения об ответственности РАН, Сиб. отд-ние, Ин-т археологии и этнографии [и др.]
Язык параллельного заглавия английский
210 ## - ПУБЛИКАЦИЯ, РАСПРОСТРАНЕНИЕ И ДР.
Место издания, распространения и т.д. Санкт-Петербург
Имя издателя, распространителя и т. д. Филологический факультет Санкт-Петербургского государственного университета
-- Нестор-История
Дата издания, распространения и т.д. 2011
215 ## - ФИЗИЧЕСКАЯ ХАРАКТЕРИСТИКА
Специфическое обозначение материала и объем 168, [3] с., [4] л. цв. ил.
Другие сведения о физической характеристике ил.
Размеры 25
225 1# - СЕРИЯ
Основное заглавие серии Серия "Historia militaris"
Сведения, относящиеся к заглавию исследования по военному делу Древности и Средневековья
Сведения об ответственности ред. совет: Ю.А. Виноградов [и др.]
300 ## - ОБЩИЕ ПРИМЕЧАНИЯ
Текст примечания Авт. также на англ. яз.: Yuly S. Khudjakov and Nasan-Ochir Erdene-Ochir
300 ## - ОБЩИЕ ПРИМЕЧАНИЯ
Текст примечания На 4-й с. обл. авт.: Худяков Ю.С. - археолог, оружиевед, д.ист.н., проф., акад. РАЕН и НАН Кыргыз. Респ., засл. деят. науки Кыргыз. Респ., Эрдэнэ-Очир Н.-О. - археолог, оружиевед.
300 ## - ОБЩИЕ ПРИМЕЧАНИЯ
Текст примечания В вып.дан. 2-й авт.: Эрдэнэ-Очир Насан-Очир
300 ## - ОБЩИЕ ПРИМЕЧАНИЯ
Текст примечания Рез. на англ. яз.
320 ## - ПРИМЕЧАНИЯ О НАЛИЧИИ В ДОКУМЕНТЕ БИБЛИОГРАФИИ / УКАЗАТЕЛЯ
Текст примечания Библиогр.: с. 161-169
510 0# - ПАРАЛЛЕЛЬНОЕ ЗАГЛАВИЕ
Связь между полями z11790
Параллельное заглавие Warfare of the ancient nomads of Mongolia (2nd millennium - 3rd century B.C.)
Язык заглавия английский
606 1# - НАИМЕНОВАНИЕ ТЕМЫ КАК ПРЕДМЕТ
Наименование темы Военное дело
Тематический подзаголовок История
Географический подзаголовок Монголия
Хронологический подзаголовок Древний период
Системный номер авторитетной/нормативной записи 2118418
Идентификатор авторитетной/нормативной записи RU\NLR\auth\661583080
686 ## - ИНДЕКСЫ ДРУГИХ КЛАССИФИКАЦИЙ
Индекс Т4(54Мо)
Издание LBC/SL
Код системы
686 ## - ИНДЕКСЫ ДРУГИХ КЛАССИФИКАЦИЙ
Индекс Т4(54Мо)26-411
Издание LBC/SL
Код системы
686 ## - ИНДЕКСЫ ДРУГИХ КЛАССИФИКАЦИЙ
Индекс Т4(54Мо)27-411
Издание LBC/SL
Код системы
686 ## - ИНДЕКСЫ ДРУГИХ КЛАССИФИКАЦИЙ
Индекс Ц.г(5Мо)
700 #1 - ИМЯ ЛИЦА - ПЕРВИЧНАЯ ОТВЕТСТВЕННОСТЬ
Код отношения Автор
Материалы, к которым относится поле rus
Графика поля Кириллица
Начальный элемент ввода Худяков
Часть имени, кроме начального элемента ввода Ю. С.
Даты 1947-
Расширение инициалов личного имени Юлий Сергеевич
Идентификатор авторитетной/нормативной записи RU\NLR\auth\7765414
Системный номер авторитетной/нормативной записи 48343
701 #1 - ИМЯ ЛИЦА - АЛЬТЕРНАТИВНАЯ ОТВЕТСТВЕННОСТЬ
Код отношения Автор
Материалы, к которым относится поле rus
Графика поля Кириллица
Начальный элемент ввода Эрдэнэ-Очир
Часть имени, кроме начального элемента ввода Н.
Расширение инициалов личного имени Насан
Идентификатор авторитетной/нормативной записи RU\NLR\auth\77115569
Системный номер авторитетной/нормативной записи 98494
790 #1 - ИМЯ ЛИЦА - АЛЬТЕРНАТИВНАЯ ФОРМА
Код отношения Автор
Материалы, к которым относится поле rus
Графика поля Латинская
Начальный элемент ввода Chudjakov
Часть имени, кроме начального элемента ввода Ju. S.
Даты 1947-
Расширение инициалов личного имени Julij Sergeevič
Идентификатор авторитетной/нормативной записи RU\NLR\auth\7784294
Системный номер авторитетной/нормативной записи 67222
790 #1 - ИМЯ ЛИЦА - АЛЬТЕРНАТИВНАЯ ФОРМА
Код отношения Автор
Материалы, к которым относится поле rus
Графика поля Латинская
Начальный элемент ввода Érdéné-Očir
Часть имени, кроме начального элемента ввода N.
Расширение инициалов личного имени Nasan
Идентификатор авторитетной/нормативной записи RU\NLR\auth\77115570
Системный номер авторитетной/нормативной записи 98495
801 #0 - ИСТОЧНИК ЗАПИСИ
Страна российская федерация
Организация ГПИБ России
Дата составления 20120529
Правила каталогизации rcr
801 #1 - ИСТОЧНИК ЗАПИСИ
Страна российская федерация
Организация ГПИБ России
Дата составления 20120529
Правила каталогизации rcr
Источник данных rusmarc
801 #2 - ИСТОЧНИК ЗАПИСИ
Страна российская федерация
Организация NLR
Дата составления 20120314
Правила каталогизации rcr
942 ## - ДОПОЛНИТЕЛЬНЫЕ ЭЛЕМЕНТЫ ЗАПИСИ (АБИС)
Тип экземпляра АБИС Книга
980 ## - КОЛЛЕКЦИЯ
Название коллекции НБР

Нет доступных экземпляров.